Vainqueur du Tournoi ATP de Pune - Statistiques

Statistiques générales
  • Ce quiz a été pris 5 fois
  • Le résultat moyen est 3 sur 5
Statistiques - réponses
Année Vainqueurs % Correct
2022 Griekspoor
75%
2021 Sousa
75%
2019 Anderson
50%
2018 Simon
25%
2020 Vesely
25%
Aucun quiz correspondant
Distribution des résultats
% des personnes avec chaque résultat
Percentile par nombre de réponses
Votre historique - résultats
Vous n’avez pas pris ce quiz